Escarpe : (Registro nro. 8083)
[ vista simple ]
| 000 -CABECERA | |
|---|---|
| Campo de control | 00567nmm a22001697a 4500 |
| 005 - FECHA Y HORA DE LA ULTIMA TRANSACCION | |
| Campo de control | 20131218115139.0 |
| 008 - ELEMENTOS DE LONGITUD FIJA—INFORMACION GENERAL | |
| Campo de control | 131218b2010 ck ||||| |||| 00| 0 spa d |
| 041 ## - IDIOMA | |
| Código de idioma para texto/pista de sonido o título separado | Español |
| 044 ## - PAÍS DE PUBLICACIÓN | |
| País de publicación | Colombia |
| 090 ## - CLASIFICACIÓN LOCAL | |
| Colección | LB |
| Consecutivo | 05880 |
| 100 ## - ASIENTO PRINCIPAL--NOMBRE PERSONAL | |
| Nombre personal | Calderón-Sáenz, Eduardo |
| 245 ## - MENCION DE TITULO | |
| Título | Escarpe : |
| Parte restante del título | productores de agua |
| 260 ## - PUBLICACION, DISTRIBUCION, ETC. (PIE DE IMPRENTA) | |
| Lugar de publicación, distribución, etc. | s.l. |
| Nombre del editor, distribuidor, etc. | Asociación Colombiana de Reservas Naturales de la Sociedad Civil |
| -- | Reserva Natural Miralejos |
| Fecha de publicación, distribución, etc. | 2010 |
| 300 ## - DESCRIPCION FISICA | |
| Extensión | 154 p., |
| Otros detalles físicos | il., (col), imágenes, |
| Dimensiones | 13 cm |
| 700 ## - ASIENTO SECUNDARIO - NOMBRE PERSONAL | |
| Nombre personal | Mapa María Clara-Mantilla, Diseño Lucy Silva |
| 942 ## - ELEMENTOS ADICIONALES (KOHA) | |
| Sistema de clasificación | Local |
| Tipo de ítem | CD-ROM |
| Withdrawn status | Lost status | Sistema de Clasificación | Damaged status | No para préstamo | Colección | Ubicación Permanente | Ubicación actual | Fecha de adquisición | Total Checkouts | Número topográfico | Inventario / Código de Barras | Date last seen | Ejemplar | Price effective from | Forma de adquisición | Tipo de material | Public note |
|---|---|---|---|---|---|---|---|---|---|---|---|---|---|---|---|---|---|
| Local | Audiovisual | Bogotá | Bogotá | 18/12/2013 | LB-05880 | 058555 | 18/12/2013 | Ej. 1 | 18/12/2013 | CD-ROM | |||||||
| Local | Audiovisual | Bogotá | Bogotá | 18/12/2013 | LB-05880 | 058565 | 18/12/2013 | Ej. 2 | 18/12/2013 | CD-ROM | |||||||
| Local | Audiovisual | Bogotá | Bogotá | 18/12/2013 | LB-05880 | 058716 | 18/12/2013 | Ej. 3 | 18/12/2013 | CD-ROM | Video |